00615 2200169 4500245009000000020002200090250001000112100002200122650003500144005001900179260004100198041001400239084001100253500013700264490003500401336000900436 aEnsiklopedia Nabi Muhammad SAW Dianugrahi Mukjizat Volume 10cZAIDAH KUSUMAWATIhText a978-979-3535-84-5 aCet.1 aZAIDAH KUSUMAWATI aEnsiklopedia Nabi Muhammad SAW a20231124110540 aJakartabPT Ikrar Mandiriabadic2011 aIndonesia a297.03 aDaftar Isi : Tentang Mukjizat, Mukjizat Nabi Muhammad SAW sebelum kenabian, Mukjizat Nabi Muhammad SAW; Mukjizat Aqwaal ( Perkataan) aEnsiklopedia Nabi Muhammad SAW atext